[Event "Stay Safe Play From Home 283"]
[Site "Emanuel Lasker Arena"]
[Date "2020.07.07"]
[Round "1"]
[White "Broken sword"]
[Black "Fischer_11"]
[Result "1-0"]
[WhiteElo "2486"]
[BlackElo "2009"]
[Annotator "NA"]
[PlyCount "131"]
[EventDate "2020.07.07"]
[EventType "swiss (blitz)"]

1. e4 {[%emt 0:00:02]} Nf6 {[%emt 0:00:01]} 2. e5 {[%emt 0:00:01]} Nd5 {[%emt 0:00:01]} 3. d4 {[%emt 0:00:00]} d6 {[%emt 0:00:01]} 4. Nf3 {[%emt 0:00:00]} dxe5 {[%emt 0:00:01]} 5. Nxe5 {[%emt 0:00:00]} Nd7 {[%emt 0:00:01]} 6. Nxd7 {[%emt 0:00:00]} Bxd7 {[%emt 0:00:01]} 7. c3 {[%emt 0:00:00]} g6 {[%emt 0:00:01]} 8. Bc4 {[%emt 0:00:01]} Nb6 {[%emt 0:00:02]} 9. Bb3 {[%emt 0:00:00]} Bg7 {[%emt 0:00:00]} 10. O-O {[%emt 0:00:00]} O-O {[%emt 0:00:00]} 11. Re1 {[%emt 0:00:00]} Rc8 {[%emt 0:00:02]} 12. Bf4 {[%emt 0:00:01]} c5 {[%emt 0:00:01]} 13. dxc5 {[%emt 0:00:01]} Rxc5 {[%emt 0:00:01]} 14. Nd2 {[%emt 0:00:00]} Rc8 {[%emt 0:00:04]} 15. Ne4 {[%emt 0:00:02]} Nc4 {[%emt 0:00:02]} 16. Qe2 {[%emt 0:00:02]} Bb5 {[%emt 0:00:04]} 17. Rad1 {[%emt 0:00:01]} Qb6 {[%emt 0:00:01]} 18. Qc2 {[%emt 0:00:07]} e5 {[%emt 0:00:01]} 19. Bg3 {[%emt 0:00:01]} Rfd8 {[%emt 0:00:03]} 20. Rxd8+ {[%emt 0:00:03]} Rxd8 {[%emt 0:00:00]} 21. Bxc4 {[%emt 0:00:00]} Bxc4 {[%emt 0:00:01]} 22. b3 {[%emt 0:00:00]} Bd3 {[%emt 0:00:02]} 23. Qc1 {[%emt 0:00:00]} Bxe4 {[%emt 0:00:01]} 24. Rxe4 {[%emt 0:00:00]} Qd6 {[%emt 0:00:04]} 25. Re1 {[%emt 0:00:01]} Qd5 {[%emt 0:00:01]} 26. c4 {[%emt 0:00:01]} Qd4 {[%emt 0:00:01]} 27. h3 {[%emt 0:00:01]} e4 {[%emt 0:00:01]} 28. Qe3 {[%emt 0:00:02]} f5 {[%emt 0:00:02]} 29. Qxd4 {[%emt 0:00:01]} Rxd4 {[%emt 0:00:00]} 30. f3 {[%emt 0:00:01]} exf3 {[%emt 0:00:02]} 31. gxf3 {[%emt 0:00:00]} Rd3 {[%emt 0:00:01]} 32. Kf2 {[%emt 0:00:01]} Bd4+ {[%emt 0:00:01]} 33. Kf1 {[%emt 0:00:01]} Rxf3+ {[%emt 0:00:02]} 34. Kg2 {[%emt 0:00:00]} Rd3 {[%emt 0:00:02]} 35. Re7 {[%emt 0:00:01]} Rd2+ {[%emt 0:00:02]} 36. Kf1 {[%emt 0:00:00]} Rd3 {[%emt 0:00:01]} 37. Be1 {[%emt 0:00:02]} Re3 {[%emt 0:00:01]} 38. Rxb7 {[%emt 0:00:02]} Rxh3 {[%emt 0:00:01]} 39. Kg2 {[%emt 0:00:02]} Re3 {[%emt 0:00:01]} 40. Kf1 {[%emt 0:00:01]} Re4 {[%emt 0:00:01]} 41. Rd7 {[%emt 0:00:02]} Bb6 {[%emt 0:00:00]} 42. b4 {[%emt 0:00:02]} Rxc4 {[%emt 0:00:01]} 43. a4 {[%emt 0:00:02]} Re4 {[%emt 0:00:01]} 44. a5 {[%emt 0:00:01]} Be3 {[%emt 0:00:01]} 45. Ke2 {[%emt 0:00:02]} f4 {[%emt 0:00:00]} 46. Kf3 {[%emt 0:00:01]} Re6 {[%emt 0:00:00]} 47. Bc3 {[%emt 0:00:01]} g5 {[%emt 0:00:00]} 48. Rg7+ {[%emt 0:00:01]} Kf8 {[%emt 0:00:00]} 49. Rxg5 {[%emt 0:00:01]} Ke8 {[%emt 0:00:00]} 50. Rf5 {[%emt 0:00:00]} Re7 {[%emt 0:00:00]} 51. Re5 {[%emt 0:00:01]} Kd7 {[%emt 0:00:00]} 52. Rxe7+ {[%emt 0:00:01]} Kxe7 {[%emt 0:00:00]} 53. Be5 {[%emt 0:00:00]} h5 {[%emt 0:00:00]} 54. b5 {[%emt 0:00:00]} Kd7 {[%emt 0:00:00]} 55. a6 {[%emt 0:00:01]} Kc8 {[%emt 0:00:01]} 56. Bf6 {[%emt 0:00:01]} Bb6 {[%emt 0:00:01]} 57. Be5 {[%emt 0:00:01]} Kd7 {[%emt 0:00:00]} 58. Bxf4 {[%emt 0:00:00]} Ke6 {[%emt 0:00:00]} 59. Be3 {[%emt 0:00:00]} Kd5 {[%emt 0:00:00]} 60. Bxb6 {[%emt 0:00:01]} axb6 {[%emt 0:00:00]} 61. a7 {[%emt 0:00:00]} Kc4 {[%emt 0:00:00]} 62. a8=Q {[%emt 0:00:00]} h4 {[%emt 0:00:00]} 63. Qb7 {[%emt 0:00:00]} h3 {[%emt 0:00:00]} 64. Qc6+ {[%emt 0:00:00]} Kb4 {[%emt 0:00:01]} 65. Kg3 {[%emt 0:00:00]} Ka5 {[%emt 0:00:00]} 66. Kh2 {[%emt 0:00:00] Zeit (Lag: Av=0.31s, max=4.6s)} 1-0

[Event "Stay Safe Play From Home 283"]
[Site "Emanuel Lasker Arena"]
[Date "2020.07.07"]
[Round "1"]
[White "Lamborghini"]
[Black "Haris kollari 13"]
[Result "1-0"]
[WhiteElo "2263"]
[BlackElo "1764"]
[Annotator "NA"]
[PlyCount "49"]
[EventDate "2020.07.07"]
[EventType "swiss (blitz)"]

1. e4 {[%emt 0:00:01]} e5 {[%emt 0:00:01]} 2. Nf3 {[%emt 0:00:02]} d6 {[%emt 0:00:01]} 3. d4 {[%emt 0:00:01]} exd4 {[%emt 0:00:01]} 4. Qxd4 {[%emt 0:00:01]} c5 {[%emt 0:00:00]} 5. Bb5+ {[%emt 0:00:02]} Nc6 {[%emt 0:00:01]} 6. Qd1 {[%emt 0:00:02]} Be6 {[%emt 0:00:02]} 7. Nc3 {[%emt 0:00:01]} Nf6 {[%emt 0:00:02]} 8. Bf4 {[%emt 0:00:01]} a6 {[%emt 0:00:04]} 9. Bxc6+ {[%emt 0:00:01]} bxc6 {[%emt 0:00:01]} 10. Qe2 {[%emt 0:00:04]} Nh5 {[%emt 0:00:03]} 11. Be3 {[%emt 0:00:03]} Be7 {[%emt 0:00:02]} 12. O-O-O {[%emt 0:00:01]} O-O {[%emt 0:00:02]} 13. h3 {[%emt 0:00:03]} Qa5 {[%emt 0:00:04]} 14. Nd2 {[%emt 0:00:01]} Nf6 {[%emt 0:00:04]} 15. f4 {[%emt 0:00:04]} d5 {[%emt 0:00:08]} 16. f5 {[%emt 0:00:02]} Bd7 {[%emt 0:00:02]} 17. Nb3 {[%emt 0:00:02]} Qb6 {[%emt 0:00:06]} 18. e5 {[%emt 0:00:02]} Ne8 {[%emt 0:00:05]} 19. Na4 {[%emt 0:00:05]} Qb5 {[%emt 0:00:05]} 20. Qxb5 {[%emt 0:00:02]} axb5 {[%emt 0:00:01]} 21. Naxc5 {[%emt 0:00:00]} Bxc5 {[%emt 0:00:02]} 22. Bxc5 {[%emt 0:00:03]} Rxa2 {[%emt 0:00:03]} 23. Bxf8 {[%emt 0:00:03]} Kxf8 {[%emt 0:00:00]} 24. g4 {[%emt 0:00:01]} b4 {[%emt 0:00:03]} 25. Rhe1 {[%emt 0:00:00] Time ' (Lag: Av=0.37s, max=0.5s)} 1-0

[Event "Stay Safe Play From Home 283"]
[Site "Emanuel Lasker Arena"]
[Date "2020.07.07"]
[Round "1"]
[White "Weltszmerc"]
[Black "Robk"]
[Result "1-0"]
[WhiteElo "2104"]
[BlackElo "1555"]
[PlyCount "81"]
[EventDate "2020.07.07"]
[EventType "swiss (blitz)"]

1. d4 {[%emt 0:00:01]} d5 {[%emt 0:00:02]} 2. c4 {[%emt 0:00:00]} e5 {[%emt 0:00:01]} 3. Nf3 {[%emt 0:00:00]} dxc4 {[%emt 0:00:03]} 4. Nxe5 {[%emt 0:00:02]} Nf6 {[%emt 0:00:03]} 5. e3 {[%emt 0:00:01]} Bd6 {[%emt 0:00:02]} 6. Bxc4 {[%emt 0:00:01]} Bxe5 {[%emt 0:00:02]} 7. dxe5 {[%emt 0:00:00]} Qxd1+ {[%emt 0:00:02]} 8. Kxd1 {[%emt 0:00:00]} Ng4 {[%emt 0:00:02]} 9. Ke2 {[%emt 0:00:01]} Nxe5 {[%emt 0:00:02]} 10. b3 {[%emt 0:00:02]} O-O {[%emt 0:00:02]} 11. Ba3 {[%emt 0:00:02]} Nxc4 {[%emt 0:00:01]} 12. Bxf8 {[%emt 0:00:02]} Nd6 {[%emt 0:00:08]} 13. Bxd6 {[%emt 0:00:03]} cxd6 {[%emt 0:00:00]} 14. Rd1 {[%emt 0:00:01]} Be6 {[%emt 0:00:00]} 15. Rxd6 {[%emt 0:00:01]} Nc6 {[%emt 0:00:00]} 16. Nd2 {[%emt 0:00:01]} Kf8 {[%emt 0:00:01]} 17. Nc4 {[%emt 0:00:05]} Ke7 {[%emt 0:00:00]} 18. Rad1 {[%emt 0:00:01]} Rc8 {[%emt 0:00:02]} 19. f3 {[%emt 0:00:01]} h6 {[%emt 0:00:01]} 20. e4 {[%emt 0:00:02]} Ke8 {[%emt 0:00:01]} 21. Ke3 {[%emt 0:00:02]} Ke7 {[%emt 0:00:00]} 22. a4 {[%emt 0:00:03]} Ke8 {[%emt 0:00:01]} 23. a5 {[%emt 0:00:00]} Ke7 {[%emt 0:00:01]} 24. h3 {[%emt 0:00:01]} Ke8 {[%emt 0:00:02]} 25. f4 {[%emt 0:00:00]} Ke7 {[%emt 0:00:00]} 26. e5 {[%emt 0:00:01]} Ke8 {[%emt 0:00:01]} 27. a6 {[%emt 0:00:02]} bxa6 {[%emt 0:00:02]} 28. g4 {[%emt 0:00:01]} Nb4 {[%emt 0:00:02]} 29. f5 {[%emt 0:00:04]} Bxc4 {[%emt 0:00:02]} 30. bxc4 {[%emt 0:00:00]} Rxc4 {[%emt 0:00:01]} 31. f6 {[%emt 0:00:00]} gxf6 {[%emt 0:00:02]} 32. exf6 {[%emt 0:00:00]} Rc3+ {[%emt 0:00:01]} 33. Kd2 {[%emt 0:00:02]} Rc8 {[%emt 0:00:01]} 34. Re1+ {[%emt 0:00:03]} Kf8 {[%emt 0:00:03]} 35. Rd7 {[%emt 0:00:00]} Kg8 {[%emt 0:00:02]} 36. Ree7 {[%emt 0:00:01]} Rf8 {[%emt 0:00:02]} 37. Rxa7 {[%emt 0:00:02]} Nd5 {[%emt 0:00:01]} 38. Red7 {[%emt 0:00:01]} Nxf6 {[%emt 0:00:01]} 39. Rd6 {[%emt 0:00:00]} Ne4+ {[%emt 0:00:01]} 40. Ke3 {[%emt 0:00:00]} Nxd6 {[%emt 0:00:00]} 41. Rxa6 {[%emt 0:00:00] Time (Lag: Av=1.01s, max=6.5s)} 1-0

[Event "Stay Safe Play From Home 283"]
[Site "Emanuel Lasker Arena"]
[Date "2020.07.07"]
[Round "1"]
[White "Lazieri3"]
[Black "Haxhi Baha"]
[Result "1-0"]
[WhiteElo "2069"]
[BlackElo "2050"]
[PlyCount "83"]
[EventDate "2020.07.07"]
[EventType "swiss (blitz)"]

1. g3 {[%emt 0:00:01]} e5 {[%emt 0:00:02]} 2. Bg2 {[%emt 0:00:00]} d5 {[%emt 0:00:01]} 3. f4 {[%emt 0:00:00]} e4 {[%emt 0:00:01]} 4. d3 {[%emt 0:00:01]} exd3 {[%emt 0:00:01]} 5. exd3 {[%emt 0:00:00]} c6 {[%emt 0:00:01]} 6. Nf3 {[%emt 0:00:01]} h5 {[%emt 0:00:01]} 7. O-O {[%emt 0:00:01]} Be7 {[%emt 0:00:01]} 8. b3 {[%emt 0:00:03]} h4 {[%emt 0:00:01]} 9. Bb2 {[%emt 0:00:02]} hxg3 {[%emt 0:00:00]} 10. hxg3 {[%emt 0:00:01]} Kf8 {[%emt 0:00:02]} 11. Ne5 {[%emt 0:00:03]} Nd7 {[%emt 0:00:01]} 12. Nxd7+ {[%emt 0:00:01]} Qxd7 {[%emt 0:00:02]} 13. Nd2 {[%emt 0:00:00]} Qg4 {[%emt 0:00:03]} 14. Qxg4 {[%emt 0:00:02]} Bxg4 {[%emt 0:00:00]} 15. Nf3 {[%emt 0:00:00]} Nf6 {[%emt 0:00:02]} 16. Ne5 {[%emt 0:00:03]} Bd6 {[%emt 0:00:01]} 17. Nxg4 {[%emt 0:00:02]} Nxg4 {[%emt 0:00:00]} 18. Rae1 {[%emt 0:00:01]} Bc5+ {[%emt 0:00:08]} 19. d4 {[%emt 0:00:01]} Bb4 {[%emt 0:00:02]} 20. c3 {[%emt 0:00:01]} Bd6 {[%emt 0:00:01]} 21. Bf3 {[%emt 0:00:01]} Nh2 {[%emt 0:00:03]} 22. Rf2 {[%emt 0:00:01]} Nxf3+ {[%emt 0:00:02]} 23. Rxf3 {[%emt 0:00:00]} Re8 {[%emt 0:00:02]} 24. Rfe3 {[%emt 0:00:01]} Rxe3 {[%emt 0:00:02]} 25. Rxe3 {[%emt 0:00:00]} f6 {[%emt 0:00:03]} 26. Kg2 {[%emt 0:00:01]} Kf7 {[%emt 0:00:01]} 27. c4 {[%emt 0:00:01]} g6 {[%emt 0:00:02]} 28. cxd5 {[%emt 0:00:02]} cxd5 {[%emt 0:00:00]} 29. Rc3 {[%emt 0:00:02]} Ke6 {[%emt 0:00:02]} 30. Re3+ {[%emt 0:00:01]} Kd7 {[%emt 0:00:01]} 31. Re2 {[%emt 0:00:02]} f5 {[%emt 0:00:01]} 32. Kf3 {[%emt 0:00:01]} Rc8 {[%emt 0:00:01]} 33. Ke3 {[%emt 0:00:01]} Bb4 {[%emt 0:00:02]} 34. Kd3 {[%emt 0:00:01]} Bd6 {[%emt 0:00:02]} 35. a4 {[%emt 0:00:02]} Rh8 {[%emt 0:00:01]} 36. Rg2 {[%emt 0:00:02]} Rh3 {[%emt 0:00:00]} 37. Ke2 {[%emt 0:00:03]} Ke6 {[%emt 0:00:01]} 38. Kf3 {[%emt 0:00:01]} Bc7 {[%emt 0:00:01]} 39. Re2+ {[%emt 0:00:00]} Kf6 {[%emt 0:00:01]} 40. Ba3 {[%emt 0:00:00]} g5 {[%emt 0:00:00]} 41. Be7+ {[%emt 0:00:01]} Kg6 {[%emt 0:00:01]} 42. Bxg5 {[%emt 0:00:00] Time (Lag: Av=1.33s, max=7.3s)} 1-0

[Event "Stay Safe Play From Home 283"]
[Site "Emanuel Lasker Arena"]
[Date "2020.07.07"]
[Round "1"]
[White "Bardellosport"]
[Black "Mepe_Nika"]
[Result "0-1"]
[WhiteElo "2027"]
[BlackElo "2371"]
[Annotator "TA"]
[PlyCount "82"]
[EventDate "2020.07.07"]
[EventType "swiss (blitz)"]

{[%evp 9,82,13,10,0,12,15,29,-17,-16,-15,-27,-21,-20,-100,-13,-33,-21,-59,0,-196,-202,-193,-182,-251,-250,-250,-215,-222,-203,-323,-281,-296,-57,-296,-262,-295,-300,-316,-279,-275,-203,-361,-368,-384,-366,-476,-457,-583,-592,-606,-593,-762,-750,-840,-772,-1746,-1742,-1673,-1674,-1591,-1237,-2302,-2293,-1904,-1667,-1640,-1451,-5206,-5206,-29988,-4791,-5206,-4927,-29988,-29989]} 1. d4 d5 2. e3 Nf6 3. Nf3 Bf5 4. Be2 e6 5. O-O c5 6. b3 {D04: Colle System.} Nc6 7. Bb2 cxd4 8. exd4 {White has an edge.} Bd6 9. Nbd2 O-O 10. a3 Rc8 {[#]} 11. Ne5 $146 {[#]} (11. c4 $11 {keeps the balance.}) ({Predecessor:} 11. c4 b6 12. Rc1 Ne4 13. cxd5 exd5 14. Ne5 Nxe5 15. Rxc8 Qxc8 16. dxe5 Be7 17. Nxe4 dxe4 {½-½ (49) Mamedjarova,Z (2278)-Batsiashvili,N (2457) playchess.com 2020}) 11... Bxe5 ({Better is} 11... Bxc2 $1 $17 {[%mdl 512]} 12. Qxc2 Nxe5) 12. dxe5 $11 Nd7 13. f4 Ne7 (13... Qb6+ $1 $15 14. Kh1 Nd4 15. Bxd4 Qxd4) 14. Nf3 $2 (14. Rc1 $11 {and White is okay.}) 14... Bxc2 $19 ({Don't play} 14... Rxc2 15. Bd4 $15) 15. Qd2 Bxb3 {aiming for ...Rc2.} 16. Rac1 (16. Rfc1 $142) 16... Bc4 17. Bxc4 dxc4 18. Rfd1 Nb6 19. Nd4 (19. Qxd8 $142 Rfxd8 20. Rxd8+ Rxd8 21. Bd4) 19... a6 20. Bc3 Nc6 $2 (20... Nbd5 $19 21. f5 exf5 22. Nxf5 Nxf5 23. Qxd5 Qb6+ 24. Kh1 Rcd8) 21. Qf2 $2 {White does not recover from this.} (21. Nxc6 $15 bxc6 22. Qf2) 21... Nxd4 22. Bxd4 Nd5 23. f5 exf5 24. Qxf5 Qe8 25. Re1 $2 (25. Qe4 Qc6 26. Rd2) 25... Qe6 26. Qf2 b5 27. Qg3 a5 {[%cal Ba6a5,Ba5b4][%mdl 32]} 28. Rb1 b4 29. axb4 axb4 30. h4 c3 31. h5 c2 32. Rb2 c1=Q 33. Rxc1 Rxc1+ 34. Kh2 Qh6 35. Rf2 Qxh5+ 36. Qh3 Qxh3+ 37. Kxh3 Nc7 38. Re2 Ne6 39. Bb2 Rc4 (39... Nf4+ $142 40. Kg3 Nxe2+ 41. Kf3 Rc2 42. Kg4 Rxb2 43. Kf3 b3 44. Ke4 Rd2 45. Ke3 Rfd8 46. Kf3 R8d3+ 47. Ke4 Rg3 48. Kf5 {[#]} Rd5 $1 {[%mdl 512]} 49. Ke4 Rd4+ 50. Kf5 Rf4#) 40. Kh2 Rfc8 41. g4 Rc2 {Accuracy: White = 36%, Black = 67%.} 0-1

[Event "Stay Safe Play From Home 283"]
[Site "Emanuel Lasker Arena"]
[Date "2020.07.07"]
[Round "1"]
[White "Sfantul321"]
[Black "Justwatch"]
[Result "1-0"]
[WhiteElo "1971"]
[BlackElo "1704"]
[Annotator "NA"]
[PlyCount "21"]
[EventDate "2020.07.07"]
[EventType "swiss (blitz)"]

1. c4 {[%emt 0:00:01]} Nf6 {[%emt 0:00:01]} 2. Nc3 {[%emt 0:00:00]} g6 {[%emt 0:00:23]} 3. g3 {[%emt 0:00:01]} Bg7 {[%emt 0:00:00]} 4. Bg2 {[%emt 0:00:01]} O-O {[%emt 0:00:00]} 5. e3 {[%emt 0:00:00]} d6 {[%emt 0:00:00]} 6. Nge2 {[%emt 0:00:00]} Nc6 {[%emt 0:00:01]} 7. O-O {[%emt 0:00:00]} Bg4 {[%emt 0:00:01]} 8. h3 {[%emt 0:00:01]} Bxe2 {[%emt 0:00:00]} 9. Qxe2 {[%emt 0:00:01]} Ne5 {[%emt 0:00:00]} 10. d3 {[%emt 0:00:01]} Ned7 {[%emt 0:00:01]} 11. f4 {[%emt 0:00:01] Justwatch terk eder (Lag: Av=0.41s, max=0.6s)} 1-0

[Event "Stay Safe Play From Home 283"]
[Site "Emanuel Lasker Arena"]
[Date "2020.07.07"]
[Round "1"]
[White "GIULIO19031975"]
[Black "Jhhonnyy"]
[Result "0-1"]
[WhiteElo "1795"]
[BlackElo "2291"]
[Annotator "NA"]
[PlyCount "70"]
[EventDate "2020.07.07"]
[EventType "swiss (blitz)"]

1. e4 {[%emt 0:00:01]} c5 {[%emt 0:00:00]} 2. Nf3 {[%emt 0:00:02]} e6 {[%emt 0:00:00]} 3. Nc3 {[%emt 0:00:01]} a6 {[%emt 0:00:01]} 4. d4 {[%emt 0:00:01]} cxd4 {[%emt 0:00:00]} 5. Nxd4 {[%emt 0:00:01]} Qc7 {[%emt 0:00:00]} 6. Bd3 {[%emt 0:00:01]} Nf6 {[%emt 0:00:02]} 7. O-O {[%emt 0:00:01]} Bc5 {[%emt 0:00:00]} 8. Nb3 {[%emt 0:00:01]} Be7 {[%emt 0:00:00]} 9. Kh1 {[%emt 0:00:01]} d6 {[%emt 0:00:00]} 10. f3 {[%emt 0:00:01]} Nbd7 {[%emt 0:00:01]} 11. Ne2 {[%emt 0:00:01]} b5 {[%emt 0:00:01]} 12. Ng3 {[%emt 0:00:01]} Bb7 {[%emt 0:00:00]} 13. Nd4 {[%emt 0:00:01]} h5 {[%emt 0:00:01]} 14. Bg5 {[%emt 0:00:01]} h4 {[%emt 0:00:01]} 15. Nge2 {[%emt 0:00:01]} Ne5 {[%emt 0:00:01]} 16. Bxf6 {[%emt 0:00:01]} Bxf6 {[%emt 0:00:01]} 17. f4 {[%emt 0:00:01]} Ng4 {[%emt 0:00:01]} 18. h3 {[%emt 0:00:02]} Ne3 {[%emt 0:00:01]} 19. Qd2 {[%emt 0:00:01]} Nxf1 {[%emt 0:00:00]} 20. Rxf1 {[%emt 0:00:01]} Rc8 {[%emt 0:00:00]} 21. c3 {[%emt 0:00:01]} Qb6 {[%emt 0:00:01]} 22. e5 {[%emt 0:00:02]} dxe5 {[%emt 0:00:02]} 23. fxe5 {[%emt 0:00:01]} Bxe5 {[%emt 0:00:00]} 24. Qg5 {[%emt 0:00:04]} Qc5 {[%emt 0:00:05]} 25. Qg4 {[%emt 0:00:03]} Bf6 {[%emt 0:00:05]} 26. Nxe6 {[%emt 0:00:02]} fxe6 {[%emt 0:00:04]} 27. Qxe6+ {[%emt 0:00:03]} Qe7 {[%emt 0:00:01]} 28. Bg6+ {[%emt 0:00:01]} Kd8 {[%emt 0:00:04]} 29. Rd1+ {[%emt 0:00:02]} Kc7 {[%emt 0:00:00]} 30. Qxe7+ {[%emt 0:00:13]} Bxe7 {[%emt 0:00:00]} 31. Nd4 {[%emt 0:00:01]} Bd5 {[%emt 0:00:02]} 32. b3 {[%emt 0:00:03]} Rcd8 {[%emt 0:00:02]} 33. c4 {[%emt 0:00:00]} bxc4 {[%emt 0:00:02]} 34. bxc4 {[%emt 0:00:01]} Bxc4 {[%emt 0:00:00]} 35. Be4 {[%emt 0:00:04]} Bf6 {[%emt 0:00:02] Tempo (Lag: Av=0.41s, max=0.5s)} 0-1

[Event "Stay Safe Play From Home 283"]
[Site "Emanuel Lasker Arena"]
[Date "2020.07.07"]
[Round "1"]
[White "Trotsky"]
[Black "Toosieslide"]
[Result "0-1"]
[WhiteElo "1625"]
[BlackElo "2211"]
[PlyCount "52"]
[EventDate "2020.07.07"]
[EventType "swiss (blitz)"]

1. d4 {[%emt 0:00:02]} d5 {[%emt 0:00:01]} 2. e3 {[%emt 0:00:01]} Nf6 {[%emt 0:00:03]} 3. c4 {[%emt 0:00:01]} c5 {[%emt 0:00:01]} 4. Nc3 {[%emt 0:00:01]} cxd4 {[%emt 0:00:01]} 5. exd4 {[%emt 0:00:01]} dxc4 {[%emt 0:00:00]} 6. Bxc4 {[%emt 0:00:01]} e6 {[%emt 0:00:00]} 7. Be3 {[%emt 0:00:01]} Bd6 {[%emt 0:00:01]} 8. Qc2 {[%emt 0:00:01]} Nc6 {[%emt 0:00:02]} 9. a3 {[%emt 0:00:02]} Bd7 {[%emt 0:00:00]} 10. Nf3 {[%emt 0:00:01]} Qc7 {[%emt 0:00:00]} 11. Bd3 {[%emt 0:00:01]} Ne7 {[%emt 0:00:02]} 12. O-O-O {[%emt 0:00:02]} O-O-O {[%emt 0:00:01]} 13. Kb1 {[%emt 0:00:01]} Ned5 {[%emt 0:00:01]} 14. Rc1 {[%emt 0:00:01]} Nxc3+ {[%emt 0:00:02]} 15. Ka1 {[%emt 0:00:05]} Ncd5 {[%emt 0:00:05]} 16. Qb3 {[%emt 0:00:06]} Bc6 {[%emt 0:00:02]} 17. Bb5 {[%emt 0:00:06]} Ne7 {[%emt 0:00:02]} 18. Rc2 {[%emt 0:00:05]} Kb8 {[%emt 0:00:04]} 19. Rhc1 {[%emt 0:00:03]} Ka8 {[%emt 0:00:00]} 20. Bxc6 {[%emt 0:00:01]} Nxc6 {[%emt 0:00:00]} 21. d5 {[%emt 0:00:03]} Nxd5 {[%emt 0:00:01]} 22. Nd4 {[%emt 0:00:05]} Nxd4 {[%emt 0:00:02]} 23. Bxd4 {[%emt 0:00:01]} Qa5 {[%emt 0:00:03]} 24. Rc8+ {[%emt 0:00:03]} Rxc8 {[%emt 0:00:02]} 25. Rxc8+ {[%emt 0:00:01]} Rxc8 {[%emt 0:00:01]} 26. Qd1 {[%emt 0:00:04]} Bxa3 {[%emt 0:00:03] ' Âðåìÿ (Lag: Av=0.48s, max=0.7s)} 0-1

[Event "Stay Safe Play From Home 283"]
[Site "Emanuel Lasker Arena"]
[Date "2020.07.07"]
[Round "1"]
[White "Klasman"]
[Black "SoulofWolf"]
[Result "0-1"]
[WhiteElo "1421"]
[BlackElo "2189"]
[PlyCount "44"]
[EventDate "2020.07.07"]
[EventType "swiss (blitz)"]

1. f4 {[%emt 0:00:01]} e6 {[%emt 0:00:00]} 2. c4 {[%emt 0:00:02]} c5 {[%emt 0:00:00]} 3. e4 {[%emt 0:00:01]} Nc6 {[%emt 0:00:00]} 4. Nf3 {[%emt 0:00:01]} g6 {[%emt 0:00:00]} 5. d4 {[%emt 0:00:03]} cxd4 {[%emt 0:00:00]} 6. Nxd4 {[%emt 0:00:01]} Bg7 {[%emt 0:00:00]} 7. e5 {[%emt 0:00:01]} a6 {[%emt 0:00:01]} 8. Nc3 {[%emt 0:00:02]} Nge7 {[%emt 0:00:00]} 9. g4 {[%emt 0:00:02]} O-O {[%emt 0:00:01]} 10. Be3 {[%emt 0:00:01]} d5 {[%emt 0:00:01]} 11. cxd5 {[%emt 0:00:03]} Nxd5 {[%emt 0:00:01]} 12. Nxc6 {[%emt 0:00:05]} bxc6 {[%emt 0:00:03]} 13. Nxd5 {[%emt 0:00:08]} exd5 {[%emt 0:00:02]} 14. Bg2 {[%emt 0:00:04]} Re8 {[%emt 0:00:05]} 15. O-O {[%emt 0:00:03]} Qh4 {[%emt 0:00:02]} 16. h3 {[%emt 0:00:04]} h5 {[%emt 0:00:02]} 17. Bf2 {[%emt 0:00:01]} Qe7 {[%emt 0:00:02]} 18. gxh5 {[%emt 0:00:01]} Bf5 {[%emt 0:00:01]} 19. hxg6 {[%emt 0:00:03]} Bxg6 {[%emt 0:00:02]} 20. b3 {[%emt 0:00:04]} f6 {[%emt 0:00:04]} 21. Rc1 {[%emt 0:00:02]} fxe5 {[%emt 0:00:01]} 22. Bc5 {[%emt 0:00:02]} Qh4 {[%emt 0:00:02] Time (Lag: Av=0.36s, max=0.6s)} 0-1

[Event "Stay Safe Play From Home 283"]
[Site "Emanuel Lasker Arena"]
[Date "2020.07.07"]
[Round "2"]
[White "Broken sword"]
[Black "Weltszmerc"]
[Result "1/2-1/2"]
[WhiteElo "2488"]
[BlackElo "2105"]
[Annotator "TA"]
[PlyCount "110"]
[EventDate "2020.07.07"]
[EventType "swiss (blitz)"]

{[%evp 9,110,54,50,27,25,21,20,31,20,15,22,6,11,-14,-14,-35,-23,-34,0,-20,18,-27,0,-41,-3,-46,0,-44,-24,-84,-88,-84,0,-81,4,0,17,0,0,3,4,7,49,34,119,115,124,116,125,115,110,98,99,39,86,0,0,0,0,0,0,0,0,0,0,0,0,0,0,0,0,0,0,0,0,0,0,0,0,0,0,0,385,0,0,0,0,0,0,0,0,0,0,0,0,0,0,0,0,0,0,0,0]} 1. e4 Nf6 2. e5 Nd5 3. d4 Nb6 4. Nf3 d6 5. exd6 cxd6 6. h3 {B04: Alekhine's Defence: 4 Nf3.} g6 {[#]} 7. c3 $146 ({Predecessor:} 7. Be2 Bg7 8. O-O O-O 9. c4 Nc6 10. Nc3 Bf5 11. Be3 h6 12. Qd2 Kh7 13. Rfe1 Rc8 14. b3 e5 15. d5 Nb4 16. Rac1 Nd7 17. a3 Na6 18. b4 Nc7 19. g4 a6 20. gxf5 gxf5 21. Qc2 e4 22. Nd4 Qf6 23. Bf1 Ne5 {1-0 (23) Rios Parra,A (2230)-Gomez,S (1932) Cartagena 2019}) 7... Bg7 8. Be2 O-O 9. O-O e5 10. dxe5 dxe5 11. Bg5 f6 12. Bh4 (12. Qb3+ {looks sharper.} Qd5 13. Be3 Be6 14. Nbd2 Qc6 15. c4) 12... Qxd1 (12... Qe7 {is interesting.} 13. Nbd2 Be6 14. a4 Rd8 15. Qc2 N8d7) 13. Rxd1 Be6 14. Nbd2 Nc6 15. Rac1 Rfd8 16. b3 h6 17. g4 Nd5 (17... g5 $5 {[%cal Rg5h4]} 18. Bg3 f5 $15) 18. Bc4 Nf4 19. Kh2 (19. Bxe6+ $11 Nxe6 20. Ne4) 19... Bxc4 $17 20. Nxc4 Kf7 (20... h5 $17 21. gxh5 Nxh5) 21. Bg3 (21. Nfxe5+ $11 {keeps the balance.} fxe5 22. Bxd8 Rxd8 23. Nd6+ Ke7 24. Nxb7) 21... Ke6 (21... Ne2 $17 22. Rxd8 Rxd8) 22. Bxf4 $11 exf4 23. Kg2 g5 24. Re1+ Kf7 25. Rcd1 Rxd1 (25... Bf8 {seems wilder.} 26. a4 Rxd1 27. Rxd1 Ke6 28. Kf1 Be7) 26. Rxd1 Rd8 ({Black should play} 26... Ke6 $1 $14) 27. Rxd8 $16 Nxd8 {[%mdl 4096] Endgame KBN-KNN} 28. Nd4 a6 29. Nf5 Bf8 30. Kf3 Ke6 31. Nd2 (31. Nd4+ $16 Kd5 32. Nb6+ Kd6 33. Ke4) 31... Nc6 {[#]} 32. Ke2 (32. Ke4 $1 $16) 32... h5 $11 33. f3 hxg4 34. hxg4 Ne5 35. Ne4 b5 36. Nd2 Ba3 37. c4 bxc4 38. Nxc4 Nxc4 (38... Bf8 {feels hotter.} 39. Nd2 Nc6 40. Ne4 Ba3 41. Kd3 Nb4+) 39. bxc4 {KB-KN} Bc5 40. Kd3 a5 41. Ke4 a4 42. Ng7+ Kf7 $1 {[%cal Rf7g7]} 43. Nf5 Ke6 44. Kd3 a3 45. Kc3 Ke5 $2 {[%mdl 8192] [#]} (45... Kd7 $1 $11) 46. Kd3 $2 ({White must play} 46. Kb3 $1 $18) 46... Bf8 {The position is equal.} 47. Nd4 Bc5 48. Nc2 Be7 49. Nd4 {Strongly threatening Nc6+.} Bc5 50. Nc6+ Kd6 51. Na5 Ke5 52. Nb3 Bb4 53. Nc1 Bc5 54. Ne2 Bb4 55. Nd4 {aiming for Nc6+.} Bc5 {Accuracy: White = 74%, Black = 71%.} 1/2-1/2